| 000 | 00676nam a2200253Ia 4500 | ||
|---|---|---|---|
| 003 | OSt | ||
| 005 | 20220918191103.0 | ||
| 006 | a|||||r|||| 00| 0 | ||
| 007 | ta | ||
| 008 | 220917b |||||||| |||| 00| 0 eng d | ||
| 024 | _a61,393 | ||
| 037 | _cTextual | ||
| 040 |
_aARTS _cARTS _beng |
||
| 041 |
_2eng _aeng |
||
| 082 | _aQ6:g, L7 | ||
| 100 |
_aCustance Arthur C _954834 |
||
| 245 | 0 | _aHidden things of God's revelation | |
| 260 |
_aMichgan _bZondervan Publishing House UK _c1977 |
||
| 300 |
_a316p. _ccm. |
||
| 490 | _aHis the doorway papers; 7 | ||
| 650 | _aRELIGION | ||
| 942 |
_hQ6:g, L7 _cTEXL _2CC |
||
| 999 |
_c188245 _d188245 |
||